000 00621nam a2200229Ia 4500
003 OSt
005 20220928121400.0
006 a|||||r|||| 00| 0
007 ta
008 220927b |||||||| |||| 00| 0 eng d
024 _a60966
037 _cTextual
040 _aSDCL
_cSDCL
_beng
041 _2eng
_aeng
082 _aX651.2'N9, N7
100 _aGupta L C
_9370597
245 0 _aIndia's stock maeket crisis
260 _aDelhi
_bSociety for Capital Market Research and Development
_c1997
300 _axii,82p
_ccm.
942 _hX651.2'N9, N7
_cTEXL
_2CC
999 _c765800
_d765800